000 00583nam a2200241Ia 4500
003 OSt
005 20241121142703.0
008 210329s9999||||xx |||||||||||||| ||und||
040 _cSTCPL
041 _aHIN
041 _hHND
082 _aH301
_bVIN-A
245 0 _aAaj ka aakash /
_cby Vinay Vishwas
_hआज का आकाश
260 _aDelhi :
_bMaalik Sahitya Publication ,
_c1995 .
300 _a129 p.
_bHB
650 _aHindi
650 _aLiterature
650 _aStories
650 _aGeneral
700 _aVishwas, Vinay (ed.)
942 _cBK
942 _2ddc
999 _c45214
_d45214